| 000 | 00526nam a2200181 a 4500 | ||
|---|---|---|---|
| 001 | 3434 | ||
| 005 | 20140414131952.0 | ||
| 008 | 060327s19uu xx 00 eng d | ||
| 020 | _a1-74078-020-5 | ||
| 050 |
_aTR 428.4 _bC793I 2000 |
||
| 100 | _aCooper-Tent, Jennifer | ||
| 245 |
_aI want a pie / _cstory by Jennifer Cooper-Tent. |
||
| 260 |
_aPhilippines : _bSoundscope Literature, _c2000. |
||
| 300 | _a1 v. p. ; cm. | ||
| 440 | _aFantastic Phonics Series, 2 | ||
| 650 |
_aReading _xStudy and teaching. |
||
| 999 |
_c112803 _d112803 |
||